The complete guide to OSHA compliance / (Record no. 8883)

MARC details
000 -LEADER
fixed length control field 01056nac a22002531u 4500
010 ## - LIBRARY OF CONGRESS CONTROL NUMBER
LC control number 95042176
020 ## - INTERNATIONAL STANDARD BOOK NUMBER
International Standard Book Number 0873716817 (alk. paper)
082 00 - DEWEY DECIMAL CLASSIFICATION NUMBER
Classification number 658.4
Item number PET
090 ## - LOCALLY ASSIGNED LC-TYPE CALL NUMBER (OCLC); LOCAL CALL NUMBER (OCLC)
-- 8883
-- 8883
100 ## - MAIN ENTRY--PERSONAL NAME
Personal name Peterson, Robert D.
245 14 - TITLE STATEMENT
Title The complete guide to OSHA compliance /
Statement of responsibility, etc Joel Cohen and Robert Peterson.
260 ## - PUBLICATION, DISTRIBUTION, ETC. (IMPRINT)
Place of publication, distribution, etc Boca Raton, Fla. :
Name of publisher, distributor, etc Lewis,1996
Date of publication, distribution, etc c1996.
300 ## - PHYSICAL DESCRIPTION
Extent x, 395 p. ;
Dimensions 24 cm.
500 ## - GENERAL NOTE
General note Distributed by Al Magmoa Al Elmeya
504 ## - BIBLIOGRAPHY, ETC. NOTE
Bibliography, etc Includes bibliographical references and index.
511 ## - PARTICIPANT OR PERFORMER NOTE
Participant or performer note Catalogued by: Sara
650 #0 - SUBJECT ADDED ENTRY--TOPICAL TERM
Topical term or geographic name as entry element Industrial safety
Geographic subdivision United States
General subdivision Handbooks, manuals, etc.
650 #0 - SUBJECT ADDED ENTRY--TOPICAL TERM
Topical term or geographic name as entry element Industrial safety
General subdivision Law and legislation
Geographic subdivision United States
General subdivision Handbooks, manuals, etc.
650 #0 - SUBJECT ADDED ENTRY--TOPICAL TERM
Topical term or geographic name as entry element Environmental law
700 1# - ADDED ENTRY--PERSONAL NAME
Personal name Cohen, Joel M.
856 42 - ELECTRONIC LOCATION AND ACCESS
Materials specified Publisher description
Uniform Resource Identifier <a href="http://www.loc.gov/catdir/enhancements/fy0646/95042176-d.html">http://www.loc.gov/catdir/enhancements/fy0646/95042176-d.html</a>
942 ## - ADDED ENTRY ELEMENTS (KOHA)
Item type Book - Borrowing
Call number prefix 658.4PET
Holdings
Withdrawn status Item status Damaged status Not for loan Home library Current library Shelving location Date acquired Source of acquisition Total Checkouts Total Renewals Full call number Barcode Date last seen Date last borrowed Cost, replacement price Koha item type
        Central Library Central Library First floor 27/03/2008 Purchase 4 5 658.4PET 000010778 15/07/2025 02/02/2021 450.00 Book - Borrowing